000 00407nam a2200169Ia 4500
003 0STCL
008 150530s9999 xx 000 0 und d
040 _aSTCL
_cSTCL
100 _aVailopilly Sreedhara Menon
245 _aCharitharathile Charudrisyam
260 _bPoorna; Calicut
_c1991
_aCalicut
300 _a0
546 _aMalayalam
942 _2ddc
_cBK
999 _c47005
_d47005
005 20220125170718.0